000 00276pab a2200121 454500
008 180718b xxu||||| |||| 00| 0 eng d
100 _aKhusro, A.M
245 _aWhy not corporate farming
650 _a Farming
650 _aAgriculture
773 _aIndian Express
909 _a2393
999 _c2393
_d2393